Stalinist "historians" Spread the Big Lie (Record no. 12067)

MARC details
000 -LEADER
fixed length control field 00595nam a2200241 a 4500
020 ## - INTERNATIONAL STANDARD BOOK NUMBER
ISBN
082 00 - DEWEY DECIMAL CLASSIFICATION NUMBER
Classification number 335.4
Author Cutter GOE
100 ## - MAIN ENTRY--AUTHOR NAME
Author name Goel, Sita Ram
245 ## - TITLE STATEMENT
Title Stalinist "historians" Spread the Big Lie
260 ## - PUBLICATION, DISTRIBUTION, ETC. (IMPRINT)
Place of publication New Delhi
Name of publisher Voice of India
Year of publication 1993
300 ## - PHYSICAL DESCRIPTION
Number of Pages 38p
500 ## - GENERAL NOTE
General note includes index and biblioraphy
505 2# - FORMATTED CONTENTS NOTE
Formatted contents note forword by mahmud ayoub
650 ## - SUBJECT ADDED ENTRY--TOPICAL TERM
Topical Term Marxism
942 ## - ADDED ENTRY ELEMENTS (KOHA)
Koha item type Books
700 1# -
-- Goel, Sita Ram
Holdings
Collection code Home library Current library Date acquired Cost, normal purchase price Full call number Accession Number Koha item type
  Henry Martyn Institute Library Henry Martyn Institute Library 05/01/2007 10.00 335.4 GOE 017800 Books
                   Copyright © 2026 | Henry Martyn Institute | Hyderabad | TS-500052 | INDIA | Implemented by hmi.edu.in
Hit-Count:

Powered by Koha